MARC

LEADER 00000nam0a2200000 4500
001 263936
005 20250211063206.0
035 |a (RuTPU)RU\TPU\book\286927 
090 |a 263936 
100 |a 20140614a1988 k a0rusy5003 ca 
101 0 |a rus 
102 |a RU 
105 |a a z 001zy 
200 1 |a Методы обработки радиосигналов  |e сборник научных трудов  |f Московский энергетический институт (МЭИ) ; под ред. С. И. Баскакова 
210 |a Москва  |c Изд-во МЭИ  |d 1988 
215 |a 98 с.  |c ил. 
225 1 |a Научные труды [МЭИ]  |v № 156 
320 |a Библиогр. в конце ст. 
500 1 0 |a Труды Московского энергетического института  |9 88841 
606 1 |a Радиосигналы  |x Обработка  |2 stltpush  |3 (RuTPU)RU\TPU\subj\23092  |9 47746 
610 1 |a математические модели 
610 1 |a алгоритмы 
610 1 |a помехи 
610 1 |a помехоустойчивость 
610 1 |a спектроанализаторы 
675 |a 621.372 
702 1 |a Баскаков  |b С. И.  |4 340 
712 0 2 |a Московский энергетический институт (МЭИ)  |c (1930-1992)  |3 (RuTPU)RU\TPU\col\20092 
801 0 |a RU  |b RuMRKP  |c 19950417  |g psbo 
801 1 |a RU  |b 63413507  |c 20140614 
801 2 |a RU  |b 63413507  |c 20170503  |g RCR 
942 |c BK